01018cam a22002777a 45000010009000000050017000090080041000260100017000670200018000840200015001020350024001170400041001410420014001820500025001960820019002211000026002402450079002662600051003453000034003965000070004305040051005006500030005519420012005819990017005939520130006101516194020080320143001.0080130s2008 maua b 001 0 eng d a 2008295493 a9781428319455 a142831945X a(OCoLC)ocn156808186 aBTCTAcBTCTAdBAKERdYDXCPdUABdDLC alccopycat00aQA76.9.A25bS57 200800a005.8222bSIN1 aSinn, Richard.91127910aSoftware security technologies :ba programmatic approach /cRichard Sinn. a[Boston] :bThomson/Course Technology,cc2008. axiv, 480 p. :bill. ;c24 cm. a"Preparing tomorrow's information security professionals"--Cover. aIncludes bibliographical references and index. 0aComputer security.911280 2ddccBB c13362d13362 00102ddc40708AlahramaMAINbMAINcLOWd2010-02-11epurchaseg282.00h37l0o005.8 SINp000019585r2025-07-15 00:00:00yBB